In pursuit of the perfect practice (Record no. 71621)

MARC details
000 -LEADER
fixed length control field 00989cam a2200205 4500
001 - CONTROL NUMBER
control field ABS66151
008 - FIXED-LENGTH DATA ELEMENTS--GENERAL INFORMATION
fixed length control field 021121n2002 000 0 eng u
035 ## - SYSTEM CONTROL NUMBER
System control number (Sirsi) u120551
245 ## - TITLE STATEMENT
Title In pursuit of the perfect practice
260 ## - PUBLICATION, DISTRIBUTION, ETC.
Date of publication, distribution, etc. 2002
490 ## - SERIES STATEMENT
Series statement HouseBuilder
Volume/sequential designation 61 (10) November 2002, 20-21(2)
520 ## - SUMMARY, ETC.
Summary, etc. Reports on Architect Search which is a new free service to housebuilders that can help them to reduce the haphazard nature of design procurement. The housebuilder can form an early opinion of whether any practice has the skills or outlook that would suit a particular site profile. The number of consultants on its database has grown from a core of fewer than 50 to more than 250 today. View at www.architectsearch.co.uk.
590 ## - LOCAL NOTE (RLIN)
Local note ABS
650 ## - SUBJECT ADDED ENTRY--TOPICAL TERM
Topical term or geographic name entry element HOUSE COMPLETIONS
650 ## - SUBJECT ADDED ENTRY--TOPICAL TERM
Topical term or geographic name entry element ARCHITECTS IN HOUSING
650 ## - SUBJECT ADDED ENTRY--TOPICAL TERM
Topical term or geographic name entry element DATABASE
690 ## - LOCAL SUBJECT ADDED ENTRY--TOPICAL TERM (OCLC, RLIN)
Topical term or geographic name as entry element HOUSING-DEVELOPMENT
856 ## - ELECTRONIC LOCATION AND ACCESS
Uniform Resource Identifier <a href="http:www.architectsearch.co.uk">http:www.architectsearch.co.uk</a>
Public note View the Architect Search website...
942 ## - ADDED ENTRY ELEMENTS (KOHA)
Suppress in OPAC 0
Holdings
Withdrawn status Lost status Source of classification or shelving scheme Damaged status Not for loan Home library Current library Shelving location Date acquired Total Checkouts Full call number Barcode Date last seen Copy number Price effective from Koha item type
    Dewey Decimal Classification     London London Journal article 21/11/2002   ABS66151 120551-1001 06/08/2019 1 06/08/2019 Journal article